[Event "CHI-ch U20"]
[Site "Quirihue"]
[Date "2022.01.19"]
[Round "4"]
[White "Bahamonde Cepeda, Juan Pablo"]
[Black "Gomez Barrera, Gonzalo Andres"]
[Result "0-1"]
[WhiteElo "1839"]
[BlackElo "2116"]
[PlyCount "80"]
[EventDate "2022.01.17"]
[EventType "swiss"]
[EventRounds "9"]
[EventCountry "CHI"]
[SourceTitle "CBM 206 Extra"]
[Source "ChessBase"]
[SourceDate "2022.03.31"]
[SourceVersion "1"]
[SourceVersionDate "2022.03.31"]
[SourceQuality "1"]

1. d4 Nf6 2. Bf4 g6 3. Nc3 d5 4. e3 Bg7 5. h4 0-0 6. h5 Nxh5 7. Rxh5 gxh5 8. Qxh5 c6 9. Bd3 f5 10. g4 Qe8 11. Qh2 Na6 12. a3 e5 13. dxe5 Nc5 14. g5 Nxd3+ 15. cxd3 Be6 16. Nf3 Bf7 17. Kd2 Bg6 18. d4 b5 19. Ne2 b4 20. a4 Rc8 21. Nc1 Bh5 22. Ne1 c5 23. Nb3 c4 24. Nc5 Bg6 25. Qh1 Rxc5 26. dxc5 Qc6 27. Nf3 Qxc5 28. Qc1 Re8 29. Ke1 Bh5 30. Nd4 Bxe5 31. Bxe5 Rxe5 32. Qd2 f4 33. Kf1 fxe3 34. fxe3 Rxg5 35. Ne6 Rf5+ 36. Ke1 Qe7 37. Nf4 Rxf4 38. Qxd5+ Bf7 39. Qa8+ Kg7 40. Ke2 Bh5+ 0-1

[Event "Valdivia op 2nd"]
[Site "Valdivia"]
[Date "2021.09.17"]
[Round "1"]
[White "Espinoza Sandoval, Alvaro"]
[Black "Gomez Barrera, Gonzalo Andres"]
[Result "0-1"]
[WhiteElo "1602"]
[BlackElo "2144"]
[PlyCount "72"]
[EventDate "2021.09.16"]
[EventType "swiss"]
[EventRounds "6"]
[EventCountry "CHI"]
[SourceTitle "CBM 204 Extra"]
[Source "ChessBase"]
[SourceDate "2021.11.30"]
[SourceVersion "1"]
[SourceVersionDate "2021.11.30"]
[SourceQuality "1"]

1. d4 Nf6 2. Nf3 g6 3. Bf4 Bg7 4. e3 0-0 5. Be2 d6 6. Nbd2 Nfd7 7. 0-0 e5 8. Bg5 Qe8 9. c3 e4 10. Ne1 f5 11. Qb3+ Kh8 12. Nc2 h6 13. Bh4 g5 14. Bg3 f4 15. exf4 gxf4 16. Bh4 f3 17. gxf3 Qh5 18. Bg3 exf3 19. Nxf3 Rxf3 20. Qc4 Nb6 21. Bxf3 Qxf3 22. Qxc7 Bh3 23. Ne3 Na6 24. Qxd6 Re8 25. Qf4 Rxe3 26. Qxf3 Rxf3 27. Rfe1 Nc4 28. Re8+ Kh7 29. Re7 Rf6 30. b3 Nd2 31. Rxg7+ Kxg7 32. f4 Nc7 33. Rd1 Ne4 34. d5 Nxc3 35. Rd3 N7xd5 36. Bh4 Rg6+ 0-1

[Event "South America-ch U20"]
[Site "Chess.com INT"]
[Date "2021.06.19"]
[Round "5"]
[White "Farias Jaque, Maximiliano"]
[Black "Gomez Barrera, Gonzalo Andres"]
[Result "0-1"]
[WhiteElo "1395"]
[BlackElo "2144"]
[PlyCount "62"]
[EventDate "2021.06.19"]
[EventType "swiss"]
[EventRounds "7"]
[EventCountry "CHI"]
[SourceTitle "CBM 203 Extra"]
[Source "ChessBase"]
[SourceDate "2021.09.30"]
[SourceVersion "1"]
[SourceVersionDate "2021.09.30"]
[SourceQuality "1"]

1. e4 c5 2. c4 d6 3. Nf3 Nc6 4. d4 cxd4 5. Nxd4 Nf6 6. Nc3 g6 7. Be2 Bg7 8. Be3 0-0 9. 0-0 a6 10. f3 Rb8 11. Qd2 e6 12. Rfd1 Nxd4 13. Bxd4 Qa5 14. Bxf6 Bxf6 15. Qxd6 Be5 16. Qd2 b5 17. cxb5 axb5 18. a3 b4 19. axb4 Qxb4 20. Rab1 Bb7 21. Kh1 Bc6 22. Na2 Qb3 23. Nc3 Qb4 24. Qc2 Rfc8 25. Rdc1 Qe7 26. Qd2 Qh4 27. h3 Qg3 28. Kg1 Qh2+ 29. Kf2 Bg3+ 30. Ke3 Bf4+ 31. Kd3 Rd8+ 0-1

[Event "CHI-ch"]
[Site "Santiago de Chile"]
[Date "2020.02.15"]
[Round "5"]
[White "Gomez Barrera, Gonzalo Andres"]
[Black "Romero Araya, Diego Alonso"]
[Result "0-1"]
[WhiteElo "2040"]
[BlackElo "2252"]
[PlyCount "60"]
[EventDate "2020.02.11"]
[EventType "tourn"]
[EventRounds "11"]
[EventCountry "CHI"]
[EventCategory "2"]
[SourceTitle "CBM 195 Extra"]
[Source "ChessBase"]
[SourceDate "2020.05.31"]
[SourceVersion "1"]
[SourceVersionDate "2020.05.31"]
[SourceQuality "1"]

1. e4 c6 2. d4 d5 3. exd5 cxd5 4. c4 Nf6 5. Nc3 g6 6. Bg5 Bg7 7. Bxf6 Bxf6 8. Nxd5 Bg7 9. Nc3 Qxd4 10. Qxd4 Bxd4 11. Nge2 Be5 12. g3 Be6 13. Bg2 Nc6 14. b3 0-0-0 15. Rc1 Nb4 16. 0-0 Rd2 17. a3 Nc2 18. Rfd1 Rhd8 19. Rxd2 Rxd2 20. Kf1 Bg4 21. f3 Bf5 22. Nb1 Rd7 23. Kf2 Bb2 24. Rf1 Nxa3 25. Nxa3 Bxa3 26. Ra1 Bc5+ 27. Kf1 Rd2 28. g4 Bd3 29. Re1 Rb2 30. f4 Bb4 0-1

[Event "CHI-ch"]
[Site "Santiago de Chile"]
[Date "2020.02.14"]
[Round "4"]
[White "Salinas Herrera, Pablo Patricio"]
[Black "Gomez Barrera, Gonzalo Andres"]
[Result "1-0"]
[WhiteElo "2502"]
[BlackElo "2040"]
[PlyCount "71"]
[EventDate "2020.02.11"]
[EventType "tourn"]
[EventRounds "11"]
[EventCountry "CHI"]
[EventCategory "2"]
[SourceTitle "CBM 195 Extra"]
[Source "ChessBase"]
[SourceDate "2020.05.31"]
[SourceVersion "1"]
[SourceVersionDate "2020.05.31"]
[SourceQuality "1"]

1. e4 c6 2. Nf3 d5 3. Nc3 dxe4 4. Nxe4 Nf6 5. Qe2 Nxe4 6. Qxe4 Qd5 7. Qh4 Bf5 8. Bc4 Qe4+ 9. Qxe4 Bxe4 10. Bxf7+ Kxf7 11. Ng5+ Kg6 12. Nxe4 Na6 13. a3 e5 14. d3 Nc5 15. Be3 Ne6 16. Rf1 Be7 17. f4 exf4 18. Bxf4 Rae8 19. Be3 h6 20. Kd2 Bg5 21. Rae1 b6 22. Nd6 Ref8 23. Nc4 Bxe3+ 24. Kxe3 Rxf1 25. Rxf1 Re8 26. Ne5+ Kg5 27. g4 g6 28. d4 c5 29. c3 cxd4+ 30. cxd4 Nd8 31. Kd3 Ne6 32. Ke4 h5 33. gxh5 gxh5 34. Rf5+ Kh6 35. h4 Nd8 36. d5 1-0

[Event "CHI-ch"]
[Site "Santiago de Chile"]
[Date "2020.02.11"]
[Round "1"]
[White "Gomez Barrera, Gonzalo Andres"]
[Black "Garcia Cardenas, Pablo"]
[Result "0-1"]
[WhiteElo "2040"]
[BlackElo "2424"]
[PlyCount "82"]
[EventDate "2020.02.11"]
[EventType "tourn"]
[EventRounds "11"]
[EventCountry "CHI"]
[EventCategory "2"]
[SourceTitle "CBM 195 Extra"]
[Source "ChessBase"]
[SourceDate "2020.05.31"]
[SourceVersion "1"]
[SourceVersionDate "2020.05.31"]
[SourceQuality "1"]

1. e4 c6 2. d4 d5 3. exd5 cxd5 4. c4 Nf6 5. Nc3 e6 6. Nf3 Bb4 7. cxd5 Nxd5 8. Qc2 Nc6 9. a3 Be7 10. Bd3 h6 11. 0-0 0-0 12. Rd1 Bf6 13. Qe2 Bxd4 14. Nxd4 Nxd4 15. Qg4 Qf6 16. Ne4 Qg6 17. Qxg6 fxg6 18. Bc4 Nc6 19. b4 Nce7 20. Bb2 b6 21. Rac1 a6 22. Bb3 Bd7 23. Nc3 Bc6 24. Nxd5 Bxd5 25. Rc7 Rf7 26. Bxd5 Nxd5 27. Rc6 Re7 28. Re1 Kf7 29. Rd6 a5 30. b5 a4 31. Bd4 Ra5 32. Rb1 Rb7 33. Rc6 Nc7 34. Bxb6 Rxb5 35. Rxb5 Nxb5 36. g3 Nxa3 37. Bc5 Rb1+ 38. Kg2 Rc1 39. Rc7+ Kg8 40. Rc8+ Kh7 41. h4 Nb5 0-1

[Event "Villa Tehuelches op 5th"]
[Site "Villa Tehuelches"]
[Date "2019.07.13"]
[Round "6"]
[White "Riquelme Abuffon, Nicolas Maximiliano"]
[Black "Gomez Barrera, Gonzalo Andres"]
[Result "1-0"]
[WhiteElo "1802"]
[BlackElo "1959"]
[PlyCount "77"]
[EventDate "2019.07.11"]
[EventType "swiss"]
[EventRounds "7"]
[EventCountry "CHI"]
[SourceTitle "EXT 2021"]
[Source "ChessBase"]
[SourceDate "2020.10.23"]
[SourceVersion "1"]
[SourceVersionDate "2020.10.23"]
[SourceQuality "1"]

1. e4 c5 2. Nf3 Nc6 3. Bb5 d6 4. 0-0 Bd7 5. Re1 a6 6. Bf1 Bg4 7. h3 Bxf3 8. Qxf3 g6 9. d3 Bg7 10. c3 Nf6 11. a4 0-0 12. Bg5 Nd7 13. Na3 Rb8 14. Qe3 Bh8 15. Nc2 Qb6 16. Reb1 Rfe8 17. Na3 Qc7 18. Nc4 b5 19. axb5 axb5 20. Nd2 b4 21. Rc1 Ra8 22. Rxa8 Rxa8 23. d4 Qd8 24. Nf3 bxc3 25. bxc3 Ra3 26. Qf4 Qe8 27. Bb5 Na7 28. Bxd7 Qxd7 29. e5 dxe5 30. Nxe5 Bxe5 31. dxe5 Qe6 32. Qe3 Nc6 33. Qxc5 Ra5 34. Qb6 Rxe5 35. Be3 h6 36. Ra1 Kh7 37. Ra6 Nb8 38. Qxb8 Qxa6 39. Qxe5 1-0

[Event "South America-ch U20"]
[Site "Asuncion"]
[Date "2019.05.15"]
[Round "7"]
[White "Gomez Barrera, Gonzalo Andres"]
[Black "Vazquez, Facundo"]
[Result "0-1"]
[WhiteElo "2058"]
[BlackElo "2086"]
[PlyCount "60"]
[EventDate "2019.05.11"]
[EventType "swiss"]
[EventRounds "9"]
[EventCountry "PAR"]
[SourceTitle "CBM 190 Extra"]
[Source "ChessBase"]
[SourceDate "2019.07.15"]
[SourceVersion "1"]
[SourceVersionDate "2019.07.15"]
[SourceQuality "1"]

1. e4 e6 2. d4 d5 3. Nc3 Bb4 4. e5 b6 5. Qg4 Bf8 6. Bg5 Qd7 7. 0-0-0 Nc6 8. Kb1 Bb7 9. Nge2 h6 10. Be3 0-0-0 11. Ng3 g6 12. h4 h5 13. Qf3 Na5 14. Bg5 Re8 15. Bb5 c6 16. Bd3 Kb8 17. a3 Ba8 18. b4 Nb7 19. Na2 Rc8 20. c3 Nd8 21. Bxg6 Bxb4 22. axb4 fxg6 23. Ne2 Nf7 24. Bf6 Nxf6 25. Qxf6 Rhg8 26. Nf4 Nd8 27. Rd3 c5 28. Nxg6 Rc7 29. Nf4 Qh7 30. Kb2 Rf7 0-1

[Event "Pan American-ch U14"]
[Site "Santiago de Chile"]
[Date "2018.07.25"]
[Round "5"]
[White "Gomez Barrera, Gonzalo Andres"]
[Black "Avila Pavas, Santiago"]
[Result "0-1"]
[WhiteElo "1818"]
[BlackElo "2261"]
[PlyCount "52"]
[EventDate "2018.07.22"]
[EventType "swiss"]
[EventRounds "9"]
[EventCountry "CHI"]
[SourceTitle "EXT 2022"]
[Source "ChessBase"]
[SourceDate "2021.10.06"]
[SourceVersion "1"]
[SourceVersionDate "2021.10.06"]
[SourceQuality "1"]

1. e4 c5 2. Nf3 g6 3. d4 cxd4 4. Qxd4 Nf6 5. Nc3 Nc6 6. Qa4 d6 7. e5 dxe5 8. Nxe5 Bg7 9. Bb5 0-0 10. Nxc6 bxc6 11. Bxc6 Rb8 12. 0-0 Qc7 13. Bf4 e5 14. Bg5 Rxb2 15. Bxf6 Bxf6 16. Nd5 Qd6 17. Nxf6+ Qxf6 18. Bd5 Ba6 19. Rfb1 Rbb8 20. c4 Rbc8 21. Rb3 Rfd8 22. Rf3 Qb6 23. Bxf7+ Kh8 24. Bd5 Bxc4 25. Bxc4 Qd4 26. Rc1 Rxc4 0-1

[Event "Pan American-ch U14"]
[Site "Santiago de Chile"]
[Date "2018.07.23"]
[Round "3"]
[White "Gomez Barrera, Gonzalo Andres"]
[Black "Rojas, Steven"]
[Result "0-1"]
[WhiteElo "1818"]
[BlackElo "2045"]
[PlyCount "120"]
[EventDate "2018.07.22"]
[EventType "swiss"]
[EventRounds "9"]
[EventCountry "CHI"]
[SourceTitle "EXT 2022"]
[Source "ChessBase"]
[SourceDate "2021.10.06"]
[SourceVersion "1"]
[SourceVersionDate "2021.10.06"]
[SourceQuality "1"]

1. e4 c5 2. Nf3 e6 3. g3 Nc6 4. Bg2 d6 5. 0-0 Nf6 6. Qe2 Qc7 7. c3 Be7 8. Rd1 0-0 9. d4 cxd4 10. cxd4 d5 11. Bf4 Qb6 12. e5 Nd7 13. h4 Qa6 14. Qe3 b5 15. Bf1 Qb6 16. Bg5 a5 17. Nc3 Ba6 18. Bd3 b4 19. Na4 Qb7 20. Bxe7 Nxe7 21. Bb1 Qb5 22. b3 Qe2 23. Bd3 Qxe3 24. fxe3 Bxd3 25. Rxd3 Rfc8 26. Ne1 Nf5 27. Kf2 f6 28. exf6 Nxf6 29. Nb6 Ne4+ 30. Kg2 Nfxg3 31. Nxa8 Rxa8 32. Rc1 Ne2 33. Rc6 N2c3 34. a4 Kf7 35. Nf3 Kf6 36. Nd2 Kf5 37. Rc7 Nxd2 38. Rxd2 Ke4 39. Re7 Kxe3 40. Rf2 Ra6 41. Rxg7 Kxd4 42. Rf6 Ne4 43. Rf3 e5 44. Rxh7 Nd2 45. Rg3 Rf6 46. h5 e4 47. Re7 Nf3 48. Rc7 Kd3 49. Rh3 Rh6 50. Rg7 Ke2 51. Rg6 Rh8 52. h6 d4 53. Rg4 Ke3 54. h7 d3 55. Rg8 d2 56. Rxh8 d1Q 57. Rh1 Qe2+ 58. Kg3 Qf2+ 59. Kh3 Qh4+ 60. Kg2 Qg4+ 0-1

[Event "Pan American-ch U20"]
[Site "Guayaquil"]
[Date "2018.06.22"]
[Round "6"]
[White "Gomez Barrera, Gonzalo Andres"]
[Black "Avila Pavas, Santiago"]
[Result "0-1"]
[WhiteElo "1814"]
[BlackElo "2278"]
[PlyCount "124"]
[EventDate "2018.06.19"]
[EventType "swiss"]
[EventRounds "9"]
[EventCountry "ECU"]
[SourceTitle "EXT 2019"]
[Source "ChessBase"]
[SourceDate "2018.10.10"]
[SourceVersion "1"]
[SourceVersionDate "2018.10.10"]
[SourceQuality "1"]

1. e4 Nf6 2. e5 Nd5 3. d4 d6 4. Nf3 g6 5. Bc4 Nb6 6. Bb3 Bg7 7. 0-0 0-0 8. Re1 Nc6 9. exd6 cxd6 10. h3 d5 11. c3 Bf5 12. Bf4 Na5 13. Bc2 Bxc2 14. Qxc2 Rc8 15. Qe2 Re8 16. Nbd2 Nac4 17. Nxc4 dxc4 18. Be5 f6 19. Bg3 Qd5 20. Qe6+ Qxe6 21. Rxe6 Kf7 22. Rae1 Bh6 23. R6e2 Nd5 24. Re4 Rc6 25. Nh2 Rb6 26. R4e2 Bf4 27. Bxf4 Nxf4 28. Rc2 e5 29. Nf3 exd4 30. cxd4 Rxe1+ 31. Nxe1 Nd3 32. Nxd3 cxd3 33. Rd2 Rb4 34. f3 f5 35. g3 g5 36. Rxd3 Rxb2 37. Rc3 Ke6 38. Rc7 h6 39. Rh7 Kd5 40. Rd7+ Kc6 41. Rh7 Rxa2 42. Rxh6+ Kd5 43. Rf6 a5 44. Rxf5+ Kd6 45. h4 gxh4 46. gxh4 a4 47. h5 Rd2 48. h6 Rxd4 49. f4 Kc6 50. h7 Rd8 51. Rh5 Rh8 52. Kf2 b5 53. Ke3 a3 54. Rh2 b4 55. Kd3 b3 56. Kc3 b2 57. Rh6+ Kd5 58. Rh5+ Ke4 59. Re5+ Kxf4 60. Re1 Rxh7 61. Kb3 Rc7 62. Rf1+ Ke3 0-1

[Event "Pan American-ch U20"]
[Site "Guayaquil"]
[Date "2018.06.20"]
[Round "2"]
[White "Gomez Barrera, Gonzalo Andres"]
[Black "Guo, Arthur"]
[Result "0-1"]
[WhiteElo "1814"]
[BlackElo "2165"]
[PlyCount "90"]
[EventDate "2018.06.19"]
[EventType "swiss"]
[EventRounds "9"]
[EventCountry "ECU"]
[SourceTitle "EXT 2019"]
[Source "ChessBase"]
[SourceDate "2018.10.10"]
[SourceVersion "1"]
[SourceVersionDate "2018.10.10"]
[SourceQuality "1"]

1. d4 Nf6 2. c4 e6 3. Nf3 Bb4+ 4. Nbd2 b6 5. a3 Bxd2+ 6. Qxd2 Bb7 7. e3 0-0 8. Be2 d6 9. 0-0 Nbd7 10. b4 Ne4 11. Qc2 f5 12. d5 e5 13. Nd2 Nxd2 14. Bxd2 Qe7 15. f3 c6 16. dxc6 Bxc6 17. Rfd1 Qh4 18. b5 Bb7 19. Bb4 Qh6 20. Bxd6 Qxe3+ 21. Kh1 Rfe8 22. Qxf5 Nf6 23. Qd3 Qf2 24. Rf1 Qh4 25. Qe3 e4 26. f4 Rad8 27. Rad1 Ng4 28. Bxg4 Qxg4 29. Rd2 Rd7 30. Rfd1 Red8 31. h3 Qg6 32. Bb4 Rd3 33. Rxd3 Rxd3 34. Rxd3 exd3 35. Qf2 h6 36. c5 bxc5 37. Bxc5 Qh5 38. Bxa7 Qxh3+ 39. Kg1 Bxg2 40. Qe3 Qh1+ 41. Kf2 Qf1+ 42. Kg3 Bd5 43. Bd4 Qg2+ 44. Kh4 d2 45. Qe8+ Kh7 0-1

[Event "South America-ch U20"]
[Site "Asuncion"]
[Date "2018.05.24"]
[Round "8"]
[White "Estrada Lavin, Cristian Alexan"]
[Black "Gomez Barrera, Gonzalo Andres"]
[Result "1/2-1/2"]
[WhiteElo "2131"]
[BlackElo "1883"]
[PlyCount "105"]
[EventDate "2018.05.20"]
[EventType "swiss"]
[EventRounds "9"]
[EventCountry "PAR"]
[SourceTitle "CBM 184 Extra"]
[Source "ChessBase"]
[SourceDate "2018.06.28"]
[SourceVersion "1"]
[SourceVersionDate "2018.06.28"]
[SourceQuality "1"]

1. d4 Nf6 2. c4 c5 3. d5 b5 4. cxb5 a6 5. bxa6 e6 6. Nc3 exd5 7. Nxd5 Be7 8. g3 0-0 9. Bg2 Nc6 10. Bf4 Nxd5 11. Bxd5 Bxa6 12. Bxc6 dxc6 13. Qxd8 Rfxd8 14. Be5 Re8 15. e3 Bc4 16. Ne2 Bg5 17. f4 Bf6 18. Rc1 Bxe2 19. Kxe2 Bxe5 20. fxe5 Rxe5 21. Rhd1 Kf8 22. a3 Rb8 23. Rc2 Rd5 24. Rd3 Ke7 25. Rdc3 f5 26. Kf3 g6 27. h4 Rb5 28. Rc4 Kd6 29. Ra4 Rb3 30. Ra8 Re5 31. Rd2+ Kc7 32. Re2 Re7 33. Ra7+ Kd6 34. Rxe7 Kxe7 35. Kf4 Rd3 36. h5 Kf6 37. hxg6 hxg6 38. Rc2 Rd1 39. Kf3 Rf1+ 40. Kg2 Rb1 41. Kf3 Kg5 42. Rxc5 Rxb2 43. Rxc6 Ra2 44. Ra6 Rb2 45. a4 Ra2 46. a5 Ra4 47. Ra8 Ra2 48. Ra7 Ra3 49. a6 Ra2 50. Ra8 Ra3 51. Ra7 Ra4 52. Ra8 Ra3 53. Ke2 1/2-1/2

[Event "South America-ch U20"]
[Site "Asuncion"]
[Date "2018.05.23"]
[Round "6"]
[White "Melian, Juan Sebastian"]
[Black "Gomez Barrera, Gonzalo Andres"]
[Result "1-0"]
[WhiteElo "1567"]
[BlackElo "1883"]
[PlyCount "131"]
[EventDate "2018.05.20"]
[EventType "swiss"]
[EventRounds "9"]
[EventCountry "PAR"]
[SourceTitle "CBM 184 Extra"]
[Source "ChessBase"]
[SourceDate "2018.06.28"]
[SourceVersion "1"]
[SourceVersionDate "2018.06.28"]
[SourceQuality "1"]

1. d4 Nf6 2. Nf3 g6 3. Bg5 Bg7 4. Nbd2 0-0 5. c3 d6 6. e4 Re8 7. Qc2 e5 8. dxe5 dxe5 9. Bc4 Nbd7 10. a4 Qe7 11. 0-0 h6 12. Bh4 Nf8 13. Rfe1 g5 14. Bg3 Ng6 15. Bf1 Nh5 16. Nc4 Nxg3 17. hxg3 g4 18. Nfd2 h5 19. Ne3 c6 20. Be2 Qg5 21. Ndc4 Bf8 22. Bf1 h4 23. Rad1 hxg3 24. fxg3 Bc5 25. b4 Bxe3+ 26. Nxe3 Be6 27. Bc4 Nf8 28. Qe2 Bxc4 29. Nxc4 Re6 30. Ne3 Rg6 31. Rf1 Nh7 32. Rf5 Qe7 33. Nxg4 f6 34. Rff1 Qe6 35. Ne3 Rxg3 36. Qf2 Rg6 37. Nf5 Kh8 38. Qe2 Rag8 39. Rf2 Qf7 40. b5 Ng5 41. Qh5+ Nh7 42. Qh3 cxb5 43. axb5 Qb3 44. Rd7 Qb1+ 45. Kh2 R6g7 46. Nxg7 Rxg7 47. Rd8+ Rg8 48. Rxg8+ Kxg8 49. Qc8+ Kg7 50. Qxb7+ Kg6 51. Qc6 Qc1 52. Qe8+ Kg7 53. Qd7+ Kg6 54. Qg4+ Kf7 55. Qf3 Qb1 56. c4 Qc1 57. Qf5 Kg7 58. Qd7+ Kg6 59. Qf5+ Kg7 60. Qd7+ Kg6 61. Qf5+ Kg7 62. Ra2 Qe3 63. Qf3 Qd4 64. Qf2 Qxe4 65. Rxa7+ Kg6 66. b6 1-0

[Event "South America-ch U20"]
[Site "Asuncion"]
[Date "2018.05.21"]
[Round "2"]
[White "Gomez Barrera, Gonzalo Andres"]
[Black "Barrios Chamorro, Jesus Adrian"]
[Result "1/2-1/2"]
[WhiteElo "1883"]
[BlackElo "1542"]
[PlyCount "78"]
[EventDate "2018.05.20"]
[EventType "swiss"]
[EventRounds "9"]
[EventCountry "PAR"]
[SourceTitle "CBM 184 Extra"]
[Source "ChessBase"]
[SourceDate "2018.06.28"]
[SourceVersion "1"]
[SourceVersionDate "2018.06.28"]
[SourceQuality "1"]

1. e4 c6 2. d4 d5 3. e5 c5 4. dxc5 e6 5. Be3 Nd7 6. Nf3 Bxc5 7. Bxc5 Nxc5 8. Qd4 Qb6 9. b4 Nd7 10. Qxb6 Nxb6 11. Na3 a6 12. Bd3 Bd7 13. Nd2 Ke7 14. c4 dxc4 15. Bxc4 Nh6 16. 0-0 Nf5 17. Nb3 Nxc4 18. Nxc4 Bb5 19. Rfc1 Rhc8 20. Nb6 Rxc1+ 21. Rxc1 Rd8 22. a4 Bc6 23. Nc5 Nd4 24. Kf1 Ke8 25. Nc4 Nf5 26. Nb6 h5 27. h3 h4 28. Nc4 g6 29. Na5 Bd5 30. Naxb7 Rb8 31. Na5 Rxb4 32. Nxa6 Rxa4 33. Nc7+ Kf8 34. Nxd5 Rxa5 35. Nf6 Kg7 36. Ng4 Nh6 37. Re1 Nxg4 38. hxg4 Ra4 39. f3 g5 1/2-1/2

[Event "South America-ch U20"]
[Site "Asuncion"]
[Date "2018.05.21"]
[Round "3"]
[White "Mayeregger, Arnold"]
[Black "Gomez Barrera, Gonzalo Andres"]
[Result "1-0"]
[WhiteElo "1825"]
[BlackElo "1883"]
[PlyCount "127"]
[EventDate "2018.05.20"]
[EventType "swiss"]
[EventRounds "9"]
[EventCountry "PAR"]
[SourceTitle "CBM 184 Extra"]
[Source "ChessBase"]
[SourceDate "2018.06.28"]
[SourceVersion "1"]
[SourceVersionDate "2018.06.28"]
[SourceQuality "1"]

1. d4 Nf6 2. c4 g6 3. Nc3 Bg7 4. e4 d6 5. f3 0-0 6. Be3 e5 7. d5 a5 8. Nge2 Na6 9. Qd2 Nc5 10. g4 h5 11. g5 Nh7 12. 0-0-0 Bd7 13. h4 Rb8 14. Bh3 Bxh3 15. Rxh3 Qd7 16. Rh2 Rfd8 17. Kb1 Nf8 18. Nc1 Qe7 19. a3 a4 20. Qc2 Nfd7 21. Nxa4 b5 22. Nxc5 Nxc5 23. Nd3 Nxd3 24. Rxd3 b4 25. axb4 Rxb4 26. Rb3 Ra4 27. Rb8 Ra1+ 28. Kxa1 Rxb8 29. Qc3 Qe8 30. b3 Qc8 31. Kb1 Qb7 32. Kc2 f5 33. Rh1 fxe4 34. fxe4 Qc8 35. Bf2 Qg4 36. Qe3 Ra8 37. Kb2 Rf8 38. Rg1 Qd7 39. Rg2 Rf4 40. Kc2 Qf7 41. Kb2 Rf3 42. Qe2 Qf4 43. Ba7 Rf1 44. Be3 Qxe4 45. Qxf1 Qxe3 46. Qf2 e4+ 47. Ka3 Qc1+ 48. Ka4 e3 49. Qc2 Qa1+ 50. Kb5 Qa7 51. Kc6 Qb6+ 52. Kd7 Qa7 53. Qxg6 c5+ 54. Ke6 Qb8 55. Qf7+ Kh8 56. Qxh5+ Kg8 57. Qf7+ Kh8 58. h5 Be5 59. g6 Qc8+ 60. Qd7 Qg8+ 61. Kf5 Qf8+ 62. Qf7 Qc8+ 63. Ke4 Bg7 64. h6 1-0

[Event "Freire Verano U2200 op"]
[Site "Freire"]
[Date "2018.02.24"]
[Round "1.4"]
[White "Reyes Torres, Luis"]
[Black "Gomez Barrera, Gonzalo Andres"]
[Result "0-1"]
[WhiteElo "1247"]
[BlackElo "1755"]
[PlyCount "48"]
[EventDate "2018.02.24"]
[EventType "swiss"]
[EventRounds "6"]
[EventCountry "CHI"]
[SourceTitle "EXT 2024"]
[Source "ChessBase"]
[SourceDate "2023.10.10"]
[SourceVersion "1"]
[SourceVersionDate "2023.10.10"]
[SourceQuality "1"]

1. e4 c5 2. Nc3 d6 3. Nf3 Nc6 4. g3 g6 5. a3 Bg7 6. Bg2 e6 7. 0-0 Nge7 8. d3 0-0 9. Re1 d5 10. exd5 exd5 11. Bf4 h6 12. Rb1 a6 13. Qd2 g5 14. Nxg5 hxg5 15. Bxg5 f6 16. Bh6 Bf5 17. Bxg7 Kxg7 18. Ne2 Ng6 19. Nf4 Nxf4 20. Qxf4 Qd7 21. Rbd1 Rae8 22. Rxe8 Rxe8 23. h4 Nd4 24. c3 Ne2+ 0-1

[Event "Wch U20 56th"]
[Site "Tarvisio"]
[Date "2017.11.20"]
[Round "7"]
[White "Silva, David Miguel Da"]
[Black "Gomez Barrera, Gonzalo Andres"]
[Result "1-0"]
[WhiteElo "2285"]
[BlackElo "1741"]
[PlyCount "66"]
[EventDate "2017.11.13"]
[EventType "swiss"]
[EventRounds "11"]
[EventCountry "ITA"]
[SourceTitle "CBM 181 Extra"]
[Source "ChessBase"]
[SourceDate "2017.12.12"]
[SourceVersion "1"]
[SourceVersionDate "2017.12.12"]
[SourceQuality "1"]

1. e4 c5 2. Nf3 d6 3. d4 cxd4 4. Nxd4 Nf6 5. Nc3 Nc6 6. Bg5 e6 7. Qd2 Be7 8. 0-0-0 a6 9. f3 h6 10. Be3 0-0 11. h4 Nxd4 12. Bxd4 e5 13. Be3 b6 14. g4 Nh7 15. g5 hxg5 16. hxg5 Bxg5 17. Kb1 Bxe3 18. Qxe3 f5 19. f4 exf4 20. Qxf4 fxe4 21. Qxe4 Bf5 22. Qd5+ Kh8 23. Bd3 Qf6 24. Ne4 Bxe4 25. Qxe4 g6 26. Rdf1 Qg7 27. Rxf8+ Rxf8 28. Qxg6 Rf7 29. Qxd6 Qg2 30. Rxh7+ Rxh7 31. Qf8+ Qg8 32. Qxg8+ Kxg8 33. Bxh7+ Kxh7 1-0